[Event "V Torneo del Litorale A"]
[Site "Roma ITA"]
[Date "1997.02.??"]
[Round "?"]
[White "Luzi, Alessandro"]
[Black "Raccah, Ascer"]
[Result "1/2-1/2"]
[WhiteElo "1567"]
[BlackElo "1528"]
[PlyCount "132"]
[EventDate "1997.02.07"]

1. e4 e5 2. Nf3 Nf6 3. d3 d5 4. Be2 dxe4 5. dxe4 Qxd1+ 6. Bxd1 Bb4+ 7. c3 Bd6
8. Bc2 Bg4 9. Nbd2 Nbd7 10. O-O O-O-O 11. h3 Bxf3 12. Nxf3 Nc5 13. Bg5 h6 14.
Bxf6 gxf6 15. Nh4 Ne6 16. Nf5 Bc5 17. Rad1 Nf4 18. Ne3 Rhg8 19. g3 Nxh3+ 20.
Kh2 Rxd1 21. Bxd1 Ng5 22. Bg4+ Kd8 23. Rd1+ Bd6 24. Bf5 Ke8 25. Nd5 Rh8 26.
Nxf6+ Kf8 27. Kg2 Kg7 28. Nh5+ Kf8 29. f4 exf4 30. gxf4 Ne6 31. Bxe6 Rg8+ 32.
Kf3 fxe6 33. e5 Bc5 34. Rd8+ Kf7 35. Rxg8 Kxg8 36. f5 exf5 37. Kf4 Kf7 38. Kxf5
Be3 39. e6+ Ke7 40. Nf6 Bg5 41. Ne4 a5 42. b4 axb4 43. cxb4 b6 44. a4 Be3 45.
a5 bxa5 46. bxa5 h5 47. a6 h4 48. Ng5 Bb6 49. Kg4 h3 50. Kxh3 c5 51. Kg2 c4 52.
Kf1 c3 53. Ke2 c2 54. Kd2 c1=Q+ 55. Kxc1 Kd6 56. Kc2 Kc7 57. Kc3 Bc5 58. Kc4
Be7 59. Ne4 Kb6 60. Nc5 Ka7 61. Kb5 Bf8 62. Kc6 Be7 63. Ne4 Kxa6 64. Kd7 Bh4
65. Ke8 Kb6 66. Kf7 Bd8 1/2-1/2

[Event "V Torneo del Litorale A"]
[Site "Roma ITA"]
[Date "1997.02.??"]
[Round "?"]
[White "Maddaloni, Giovanni"]
[Black "Ridolfi, Raffaele"]
[Result "1-0"]
[WhiteElo "1538"]
[BlackElo "1660"]
[PlyCount "67"]
[EventDate "1997.02.07"]

1. e4 c6 2. d4 d5 3. e5 Bf5 4. Nc3 e6 5. g4 Bg6 6. h4 h5 7. Nge2 hxg4 8. Nf4
Rxh4 9. Rxh4 Qxh4 10. Nxg6 fxg6 11. Bf4 Nh6 12. Qd2 Nf5 13. O-O-O g3 14. fxg3
Nxg3 15. Bg5 Nxf1 16. Rxf1 Qh7 17. Qf4 Qg8 18. Qg4 Bb4 19. Bh4 Kd7 20. Qxg6 Kc7
21. Rf7+ Kb6 22. Qxe6 Ka5 23. Be7 Na6 24. Bxb4+ Nxb4 25. a3 Na6 26. b4+ Kb6 27.
Nxd5+ Kb5 28. Rxb7+ Kc4 29. Qxc6+ Kxd4 30. c3+ Kd3 31. Qxa6+ Ke4 32. Qc4+ Kxe5
33. Re7+ Kd6 34. Qc5# 1-0

[Event "V Torneo del Litorale A"]
[Site "Roma ITA"]
[Date "1997.02.??"]
[Round "?"]
[White "Maddaloni, Giovanni"]
[Black "Sposito, Paolo"]
[Result "1-0"]
[WhiteElo "1538"]
[BlackElo "1459"]
[PlyCount "64"]
[EventDate "1997.02.07"]

1. e4 e6 2. d4 d5 3. e5 c5 4. Nf3 Nc6 5. Bd3 Qb6 6. O-O Bd7 7. Re1 h6 8. a3
Nge7 9. dxc5 Qxc5 10. b4 Qb6 11. Nbd2 Nd4 12. c4 Nxf3+ 13. Qxf3 Rc8 14. Bb2
dxc4 15. Nxc4 Rxc4 16. Bxc4 Bc6 17. Qe3 Qc7 18. Rac1 Qb8 19. Rc3 Nf5 20. Qd3
Be7 21. Bb5 O-O 22. Bxc6 bxc6 23. Rxc6 Bg5 24. Bc1 Bxc1 25. Rcxc1 Ne7 26. Rc5
Qb6 27. Qd6 Nd5 28. Qxb6 axb6 29. Rc6 Ra8 30. Ra1 Nxb4 31. Rxb6 Nc2 32. Ra2 Ra5
1-0

[Event "V Torneo del Litorale A"]
[Site "Roma ITA"]
[Date "1997.02.??"]
[Round "?"]
[White "Maddaloni, Giovanni"]
[Black "Vanzan, Alessandro"]
[Result "1-0"]
[WhiteElo "1538"]
[BlackElo "1507"]
[PlyCount "125"]
[EventDate "1997.02.07"]

1. Nf3 Nf6 2. g3 g6 3. Bg2 Bg7 4. O-O O-O 5. d3 c6 6. e4 d6 7. Nbd2 Bg4 8. c3
Qc8 9. a4 Bh3 10. Nc4 Bxg2 11. Kxg2 Nbd7 12. Be3 Ng4 13. d4 Nxe3+ 14. fxe3 Qc7
15. Qd3 Rad8 16. Ra2 e6 17. a5 Nf6 18. b4 h6 19. Rb1 Rc8 20. Ncd2 a6 21. Nc4 d5
22. Ncd2 dxe4 23. Nxe4 Nd7 24. c4 Rfd8 25. c5 Ne5 26. Qe2 Nxf3 27. Qxf3 Qe7 28.
Nd6 Rc7 29. Rf1 f5 30. Raf2 Rf8 31. Qd1 Rf6 32. Qd3 Kh7 33. e4 fxe4 34. Qxe4
Rxf2+ 35. Rxf2 Bf6 36. Qf4 Bg7 37. h4 Rd7 38. Qe4 e5 39. Rf7 Qe6 40. Rxd7 Qxd7
41. dxe5 Qe6 42. Nxb7 Qa2+ 43. Kf3 Qf7+ 44. Kg2 Qxb7 45. h5 Qd7 46. e6 Qe8 47.
e7 Kg8 48. Qe6+ Kh8 49. hxg6 Bf8 50. Qf6+ Kg8 51. Qxf8+ Qxf8 52. exf8=Q+ Kxf8
53. Kf3 Kg7 54. Ke4 Kxg6 55. Ke5 Kg5 56. Kd6 Kg4 57. Kxc6 Kxg3 58. Kb7 h5 59.
c6 h4 60. c7 h3 61. c8=Q h2 62. Qh8 Kg2 63. Kxa6 1-0

[Event "V Torneo del Litorale A"]
[Site "Roma ITA"]
[Date "1997.02.??"]
[Round "?"]
[White "Marinelli, Franco"]
[Black "Alderisio, Piero"]
[Result "1/2-1/2"]
[WhiteElo "1522"]
[BlackElo "1558"]
[PlyCount "131"]
[EventDate "1997.02.07"]

1. d4 Nf6 2. Nf3 d5 3. g3 e6 4. Bg5 h6 5. Bxf6 Qxf6 6. Bg2 c5 7. c3 Bd6 8. Nbd2
Bd7 9. O-O Bc6 10. Re1 O-O 11. e4 dxe4 12. Nxe4 Qe7 13. Nxd6 Qxd6 14. dxc5 Qxc5
15. Qd4 Nd7 16. Rad1 Rfd8 17. Rd2 Qa5 18. Red1 Nf6 19. Qb4 Qxb4 20. Rxd8+ Qf8
21. Rxf8+ Kxf8 22. Ne5 Bxg2 23. Kxg2 Ke7 24. Kf3 Rc8 25. Ke3 g5 26. f4 Nd5+ 27.
Kf3 f6 28. Nd3 b6 29. Re1 Rd8 30. f5 e5 31. Ke4 Nc7 32. g4 Nb5 33. Rd1 Nd6+ 34.
Ke3 Rc8 35. Ke2 Rc4 36. Nf2 h5 37. h3 hxg4 38. hxg4 Rf4 39. b3 Nb5 40. Rc1 Kd6
41. a4 Nc7 42. Rd1+ Kc6 43. c4 Na6 44. Rd3 Nc5 45. Rg3 a6 46. Nd3 Re4+ 47. Re3
Rxg4 48. Rxe5 Re4+ 49. Rxe4 Nxe4 50. Ke3 Nd6 51. Nb4+ Kb7 52. Nd5 Nxf5+ 53. Kd3
g4 54. Nxf6 g3 55. Ke2 Nh4 56. Kf1 Kc6 57. b4 Nf5 58. Kg2 Ne3+ 59. Kxg3 Nxc4
60. Ne4 Nb2 61. Nc3 Nxa4 62. Nxa4 Kb5 63. Nc3+ Kxb4 64. Nd5+ Kc5 65. Nxb6 Kxb6
66. Kf2 1/2-1/2

[Event "V Torneo del Litorale A"]
[Site "Roma ITA"]
[Date "1997.02.??"]
[Round "?"]
[White "Marinelli, Franco"]
[Black "Farina, Saverio"]
[Result "0-1"]
[WhiteElo "1522"]
[BlackElo "2170"]
[PlyCount "48"]
[EventDate "1997.02.07"]

1. d4 d5 2. Nf3 c5 3. c3 Nc6 4. g3 Nf6 5. Bg2 e6 6. Bg5 Be7 7. O-O cxd4 8. cxd4
Qb6 9. b3 O-O 10. e3 h6 11. Bxf6 Bxf6 12. Nc3 Be7 13. Qd3 Nb4 14. Qb5 Qxb5 15.
Nxb5 Bd7 16. Nc3 Rfc8 17. Rfc1 Nd3 18. Rc2 Ba3 19. Bf1 Nb4 20. Rac1 Nxc2 21.
Rxc2 Bb4 22. Ne5 Be8 23. Bd3 Rxc3 24. Rxc3 Bxc3 0-1

[Event "V Torneo del Litorale A"]
[Site "Roma ITA"]
[Date "1997.02.??"]
[Round "?"]
[White "Mazziotto, Nicola"]
[Black "Corinthios, Raimondo"]
[Result "1-0"]
[WhiteElo "1522"]
[BlackElo "1510"]
[PlyCount "41"]
[EventDate "1997.02.07"]

1. e4 e5 2. Nf3 Nc6 3. Bc4 Nf6 4. d4 exd4 5. e5 Qe7 6. O-O Nxe5 7. Nxe5 d5 8.
Bb5+ Kd8 9. Re1 Be6 10. Qxd4 a6 11. Qa4 Qc5 12. Bd3 Bd6 13. Be3 d4 14. Bxd4 Qd5
15. Nc3 b5 16. Nxd5 bxa4 17. Nxf6 gxf6 18. Nf3 Be7 19. Ng5 Bd5 20. c4 Bxg2 21.
Nxf7+ 1-0

[Event "V Torneo del Litorale A"]
[Site "Roma ITA"]
[Date "1997.02.??"]
[Round "?"]
[White "Mazziotto, Nicola"]
[Black "Proietti, Giorgio"]
[Result "0-1"]
[WhiteElo "1522"]
[BlackElo "1717"]
[PlyCount "78"]
[EventDate "1997.02.07"]

1. e4 e6 2. d4 d5 3. Nc3 Bb4 4. a3 Bxc3+ 5. bxc3 Ne7 6. Qg4 Ng6 7. e5 c5 8. h4
h5 9. Qg3 Nc6 10. Bd3 Nce7 11. Bg5 Qa5 12. Bd2 Bd7 13. Nh3 c4 14. Bxg6 Nxg6 15.
Ng5 Ne7 16. Qf4 Nf5 17. f3 f6 18. exf6 gxf6 19. g4 fxg5 20. Qe5 O-O-O 21. gxf5
exf5 22. Kf2 Rde8 23. Qf6 g4 24. Rhe1 Qd8 25. Qxd8+ Kxd8 26. Bg5+ Kc8 27. f4
Rxe1 28. Rxe1 Re8 29. Re5 Be6 30. Ke2 Kd7 31. Kd2 Kc6 32. Bh6 Kb5 33. Kc1 Ka4
34. Kb2 Kb5 35. Re3 Bd7 36. Rg3 Re2 37. Bg5 Ka5 38. Bh6 Ba4 39. Bg5 Bxc2 0-1

[Event "V Torneo del Litorale A"]
[Site "Roma ITA"]
[Date "1997.02.??"]
[Round "?"]
[White "Mazziotto, Nicola"]
[Black "Russo, Massimiliano"]
[Result "1-0"]
[WhiteElo "1522"]
[BlackElo "1576"]
[PlyCount "71"]
[EventDate "1997.02.07"]

1. e4 c5 2. c3 Nf6 3. e5 Nd5 4. d4 e6 5. Nf3 Nc6 6. Bc4 Nb6 7. Bb3 cxd4 8. cxd4
d5 9. O-O Be7 10. Nc3 a6 11. Be3 O-O 12. a3 Bd7 13. Ba2 Na5 14. Rc1 Nbc4 15.
Qc2 Nxe3 16. fxe3 b5 17. Bb1 g6 18. Ne1 Nc4 19. Rf3 Rc8 20. Nd3 Qa5 21. Nf4
Bxa3 22. Nh5 Be7 23. Nf6+ Bxf6 24. exf6 b4 25. Qf2 bxc3 26. Rh3 Nd6 27. Qh4 h5
28. Qg5 Ne4 29. Bxe4 cxb2 30. Rf1 Rc1 31. Qh6 Rxf1+ 32. Kxf1 Bb5+ 33. Kf2 Qd2+
34. Kg3 Qe1+ 35. Kf4 Qf2+ 36. Ke5 1-0

[Event "V Torneo del Litorale A"]
[Site "Roma ITA"]
[Date "1997.02.??"]
[Round "?"]
[White "Narain, Ram Deva"]
[Black "Chiacchiararelli, Bruno"]
[Result "0-1"]
[WhiteElo "1539"]
[BlackElo "1771"]
[PlyCount "52"]
[EventDate "1997.02.07"]

1. d4 Nf6 2. c4 e6 3. Nf3 Bb4+ 4. Bd2 Qe7 5. Nc3 b6 6. a3 Bxc3 7. Bxc3 Bb7 8.
e3 Ne4 9. Rc1 O-O 10. Be2 d6 11. O-O Nd7 12. b4 c5 13. Bb2 Rfd8 14. Qc2 Rac8
15. dxc5 dxc5 16. Qa4 Ndf6 17. Rcd1 cxb4 18. axb4 Rxd1 19. Rxd1 Bc6 20. Qb3 Ng4
21. Rf1 Qd6 22. h3 Nd2 23. Rd1 Nxf3+ 24. Bxf3 Qh2+ 25. Kf1 Bxf3 26. hxg4 Qh1#
0-1

[Event "V Torneo del Litorale A"]
[Site "Roma ITA"]
[Date "1997.02.??"]
[Round "?"]
[White "Narain, Ram Deva"]
[Black "Lepri, Livio"]
[Result "0-1"]
[WhiteElo "1539"]
[BlackElo "1999"]
[PlyCount "58"]
[EventDate "1997.02.07"]

1. d4 Nf6 2. c4 g6 3. Nf3 Bg7 4. g3 O-O 5. Bg2 d6 6. O-O c6 7. Nc3 Qc7 8. Qc2
Nbd7 9. Rd1 e5 10. dxe5 dxe5 11. e4 Re8 12. h3 Nf8 13. Be3 Be6 14. b3 Rad8 15.
Rac1 Bc8 16. Ne1 Ne6 17. Nf3 Nh5 18. Ne2 Bf8 19. c5 Nhg7 20. Qc3 f6 21. Nh2
Rxd1+ 22. Rxd1 Rd8 23. Rc1 Be7 24. f4 exf4 25. gxf4 Qd7 26. Kf2 Qd3 27. Qb2 f5
28. Qc2 Bh4+ 29. Kf3 fxe4+ 0-1

[Event "V Torneo del Litorale A"]
[Site "Roma ITA"]
[Date "1997.02.??"]
[Round "?"]
[White "Narain, Ram Deva"]
[Black "Mazziotto, Nicola"]
[Result "1/2-1/2"]
[WhiteElo "1539"]
[BlackElo "1522"]
[PlyCount "64"]
[EventDate "1997.02.07"]

1. d4 Nf6 2. c4 g6 3. Nc3 d5 4. cxd5 Nxd5 5. Qb3 Nxc3 6. bxc3 Bg7 7. Bf4 O-O 8.
e3 Nc6 9. Nf3 Na5 10. Qa4 b6 11. Be2 Bb7 12. O-O h6 13. Be5 Rc8 14. Bxg7 Kxg7
15. Rfd1 e6 16. c4 Qe7 17. c5 Bc6 18. Qb4 f6 19. Qc3 Bd5 20. Nd2 e5 21. Bf3
Bxf3 22. Nxf3 e4 23. Nd2 Kh7 24. Rac1 Qe6 25. Qa3 f5 26. Rc2 Nc6 27. Rdc1 b5
28. Qb2 Rb8 29. a3 a6 30. Qb3 Qxb3 31. Nxb3 Rbd8 32. Rd1 Rd5 1/2-1/2

[Event "V Torneo del Litorale A"]
[Site "Roma ITA"]
[Date "1997.02.??"]
[Round "?"]
[White "Narain, Ram Deva"]
[Black "Wyss, Walter"]
[Result "0-1"]
[WhiteElo "1539"]
[BlackElo "2210"]
[PlyCount "44"]
[EventDate "1997.02.07"]

1. d4 a6 2. g3 c5 3. Nf3 cxd4 4. Nxd4 e6 5. Bg2 Nc6 6. O-O Nf6 7. c4 Qc7 8.
Nxc6 bxc6 9. Nc3 h5 10. Bg5 h4 11. Bxf6 gxf6 12. Ne4 hxg3 13. fxg3 Qe5 14.
Nxf6+ Kd8 15. Bxc6 Qc5+ 16. e3 Qxc6 17. Qf3 Qxf3 18. Rxf3 Bc5 19. Rd1 Ke7 20.
Ne4 Bb7 21. Nxc5 Bxf3 22. Rxd7+ Ke8 0-1

[Event "V Torneo del Litorale A"]
[Site "Roma ITA"]
[Date "1997.02.??"]
[Round "?"]
[White "Pezzaldi, Roberto"]
[Black "Cenni, Franco"]
[Result "1-0"]
[WhiteElo "2105"]
[BlackElo "1552"]
[PlyCount "109"]
[EventDate "1997.02.07"]

1. c4 c5 2. Nc3 Nc6 3. g3 g6 4. Bg2 Bg7 5. Nf3 d6 6. O-O e5 7. d3 Bd7 8. Ng5 a6
9. Nge4 Be6 10. Nd5 Bxd5 11. cxd5 Nd4 12. Bd2 Nf6 13. Nc3 O-O 14. a4 Nf5 15.
Qc1 Nd4 16. Qd1 Nf5 17. Rb1 Qc7 18. e3 Rab8 19. b4 b6 20. Ne2 Ne7 21. Qb3 Nd7
22. Rfc1 Rfc8 23. Bc3 Kh8 24. Qb2 f6 25. e4 Qd8 26. b5 a5 27. Bh3 Rc7 28. Bd2
Qf8 29. Rf1 f5 30. Bc3 fxe4 31. dxe4 Ng8 32. f4 Qe7 33. Bxd7 Rxd7 34. fxe5 Bxe5
35. Nf4 Bxc3 36. Qxc3+ Qe5 37. Qxe5+ dxe5 38. Ne6 Nh6 39. Rf3 Kg8 40. Rbf1 Rf7
41. d6 Rxf3 42. Rxf3 Nf7 43. d7 h6 44. Rxf7 Kxf7 45. d8=Q Rxd8 46. Nxd8+ Ke7
47. Nc6+ Kd6 48. Kf2 c4 49. Ke3 Ke6 50. Kd2 h5 51. h4 Kf6 52. Kc3 g5 53. Kxc4
gxh4 54. gxh4 Ke6 55. Nxa5 1-0

[Event "V Torneo del Litorale A"]
[Site "Roma ITA"]
[Date "1997.02.??"]
[Round "?"]
[White "Pezzaldi, Roberto"]
[Black "Lepri, Livio"]
[Result "1/2-1/2"]
[WhiteElo "2105"]
[BlackElo "1999"]
[PlyCount "120"]
[EventDate "1997.02.07"]

1. c4 Nf6 2. Nf3 g6 3. b3 Bg7 4. Bb2 O-O 5. g3 c6 6. Bg2 d5 7. O-O Re8 8. d3
Bg4 9. Nbd2 Nbd7 10. Qc2 e5 11. h3 Bxf3 12. Bxf3 Rc8 13. e3 Qb6 14. Rab1 a5 15.
Rbc1 Bf8 16. Bg2 Bd6 17. d4 exd4 18. Bxd4 Bc5 19. Ba1 d4 20. exd4 Bxd4 21. c5
Qb4 22. a3 Qxc5 23. Qxc5 Bxc5 24. Bxf6 Bxa3 25. Ra1 Bb4 26. Bg5 f6 27. Bh6 g5
28. Nf3 Nc5 29. Rab1 Rcd8 30. h4 gxh4 31. Nxh4 Rd3 32. Rfd1 Rxd1+ 33. Rxd1 Nxb3
34. Rd7 Re7 35. Rxb7 Rxb7 36. Bxc6 Nc5 37. Nf5 Rc7 38. Bd5+ Kh8 39. Nd6 Rd7 40.
Nf7+ Rxf7 41. Bxf7 a4 42. Kf1 a3 43. Be3 Ne4 44. Kg2 Kg7 45. Bb3 Bc5 46. Kf3
Bxe3 47. Kxe4 Bxf2 48. g4 Kg6 49. Kf4 Bh4 50. Bc2+ Kf7 51. Bb1 Bg5+ 52. Ke4 Ke6
53. Kd4 Kd6 54. Ba2 Bc1 55. Bb3 Bb2+ 56. Ke4 Kc5 57. Ba2 Kb4 58. Kd3 Kc5 59.
Ke4 Kd6 60. Kf5 Bc1 1/2-1/2

[Event "V Torneo del Litorale A"]
[Site "Roma ITA"]
[Date "1997.02.??"]
[Round "?"]
[White "Pezzaldi, Roberto"]
[Black "Luzi, Alessandro"]
[Result "1-0"]
[WhiteElo "2105"]
[BlackElo "1567"]
[PlyCount "119"]
[EventDate "1997.02.07"]

1. c4 g6 2. g3 Bg7 3. Bg2 Nf6 4. Nf3 d6 5. O-O O-O 6. Nc3 Nbd7 7. Rb1 a5 8. a3
c6 9. b4 axb4 10. axb4 Nb6 11. d3 Qc7 12. b5 Bd7 13. Be3 c5 14. Bd2 Ra3 15. Rb3
Rfa8 16. Rxa3 Rxa3 17. Qc1 Ra8 18. h3 h5 19. Ng5 Qc8 20. Kh2 Ra7 21. f4 Nh7 22.
Nf3 Nf6 23. e4 Be6 24. Nh4 Kh7 25. f5 Bd7 26. Bg5 Qf8 27. Ne2 e5 28. g4 hxg4
29. hxg4 Nxg4+ 30. Kg3 Nf6 31. Rh1 Nh5+ 32. Kg4 Bh6 33. Ng3 Bxg5 34. Qxg5 Qh6
35. Nf3 Qxg5+ 36. Nxg5+ Kg7 37. Nxh5+ gxh5+ 38. Rxh5 f6 39. Ne6+ Bxe6 40. fxe6
Ra8 41. Kf5 Nc8 42. e7 Nxe7+ 43. Ke6 Ng6 44. Rh3 Nf4+ 45. Kxd6 Nxh3 46. Bxh3
Rd8+ 47. Kxc5 Rxd3 48. Bc8 b6+ 49. Kxb6 Rd4 50. Kc5 Rxe4 51. b6 Re1 52. Ba6 Rh1
53. b7 Rh8 54. Kd5 Rd8+ 55. Ke6 e4 56. c5 Re8+ 57. Kd7 Kf7 58. c6 e3 59. Bc4+
Kf8 60. c7 1-0

[Event "V Torneo del Litorale A"]
[Site "Roma ITA"]
[Date "1997.02.??"]
[Round "?"]
[White "Piacentini, Carlo"]
[Black "Laudati, Adriano"]
[Result "1/2-1/2"]
[WhiteElo "1680"]
[BlackElo "1852"]
[PlyCount "59"]
[EventDate "1997.02.07"]

1. e4 c5 2. Nf3 d6 3. d4 cxd4 4. Nxd4 Nf6 5. Nc3 g6 6. Be3 Bg7 7. f3 O-O 8. Qd2
Nc6 9. g4 Be6 10. Nxe6 fxe6 11. Bc4 d5 12. exd5 Ne5 13. Be2 Nxd5 14. Nxd5 exd5
15. O-O Nc6 16. Kg2 e6 17. h4 Rf7 18. c3 Bf6 19. Rh1 d4 20. cxd4 Nxd4 21. Bxd4
Qxd4 22. Qxd4 Bxd4 23. Bc4 Kg7 24. Rab1 Re7 25. Rhe1 e5 26. b3 Rd8 27. Rbd1
Red7 28. Rd3 Bb2 29. Red1 Rxd3 30. Rxd3 1/2-1/2

[Event "V Torneo del Litorale A"]
[Site "Roma ITA"]
[Date "1997.02.??"]
[Round "?"]
[White "Piacentini, Carlo"]
[Black "Mazziotto, Nicola"]
[Result "1-0"]
[WhiteElo "1680"]
[BlackElo "1522"]
[PlyCount "103"]
[EventDate "1997.02.07"]

1. d4 Nf6 2. Nf3 g6 3. Bg5 Ne4 4. Bh4 Bg7 5. Nbd2 Nf6 6. e4 d6 7. c3 O-O 8. Be2
b6 9. a4 a5 10. d5 Na6 11. Nd4 Bd7 12. O-O Nc5 13. f3 Bh6 14. Bf2 Nxa4 15. Rxa4
Bxa4 16. Qxa4 Bxd2 17. Nc6 Qe8 18. Bb5 Nd7 19. Nd4 Rd8 20. Nc6 Ra8 21. Nd4 Rd8
22. g3 Bh6 23. f4 e6 24. Re1 Bg7 25. e5 dxe5 26. fxe5 exd5 27. e6 Bxd4 28. e7
Bxf2+ 29. Kxf2 h6 30. Kf1 Rb8 31. exf8=Q+ Qxf8 32. Bxd7 Qd6 33. Qc6 Qc5 34.
Qxc5 bxc5 35. Re2 d4 36. Re8+ Rxe8 37. Bxe8 Kf8 38. Bb5 Ke7 39. Ke2 Kd6 40.
cxd4 cxd4 41. Kd3 Ke5 42. Be8 c5 43. Bxf7 g5 44. Bg6 Kd5 45. Be4+ Ke5 46. Bf3
Kd6 47. Kc4 Ke5 48. Kxc5 g4 49. Bxg4 Ke4 50. Kb5 Kd3 51. Kxa5 Kc4 52. b4 1-0

[Event "V Torneo del Litorale A"]
[Site "Roma ITA"]
[Date "1997.02.??"]
[Round "?"]
[White "Piacentini, Carlo"]
[Black "Tosoni, Augusto"]
[Result "0-1"]
[WhiteElo "1680"]
[BlackElo "2056"]
[PlyCount "43"]
[EventDate "1997.02.07"]

1. e4 c5 2. Nf3 d6 3. d4 cxd4 4. Nxd4 Nf6 5. Nc3 g6 6. Bb5+ Bd7 7. O-O Nc6 8.
Bxc6 bxc6 9. e5 dxe5 10. Nb3 Bg7 11. Qe2 Qc7 12. Na4 O-O 13. Nac5 Bf5 14. Bd2
a5 15. a4 Nd5 16. Qe1 Nf4 17. Bxa5 Qc8 18. Bc3 Bxc2 19. Bxe5 Bxb3 20. Bxg7 Qg4
21. g3 Qf3 22. Qe4 0-1

[Event "V Torneo del Litorale A"]
[Site "Roma ITA"]
[Date "1997.02.??"]
[Round "?"]
[White "Piccioni, Marco"]
[Black "Chiacchiararelli, Bruno"]
[Result "0-1"]
[WhiteElo "1537"]
[BlackElo "1771"]
[PlyCount "74"]
[EventDate "1997.02.07"]

1. e4 e6 2. d4 d5 3. Nc3 Nf6 4. Bg5 dxe4 5. Bxf6 gxf6 6. Nxe4 f5 7. Nc3 Bg7 8.
Nf3 b6 9. Qd2 Bb7 10. Be2 Nd7 11. O-O-O Qf6 12. Ne5 O-O-O 13. f4 Nxe5 14. dxe5
Rxd2 15. exf6 Rxd1+ 16. Rxd1 Bxf6 17. g3 Rd8 18. Bh5 Bxc3 19. bxc3 Rxd1+ 20.
Kxd1 f6 21. Be2 Kd7 22. Kd2 Kd6 23. Bd3 Kc5 24. Ke3 Bd5 25. a3 Bc4 26. Kd2 Bxd3
27. cxd3 Kb5 28. Kc2 Ka4 29. Kb2 c5 30. Ka2 b5 31. Kb2 a5 32. h3 h5 33. Ka2 b4
34. axb4 axb4 35. cxb4 cxb4 36. Kb2 b3 37. h4 Kb4 0-1

[Event "V Torneo del Litorale A"]
[Site "Roma ITA"]
[Date "1997.02.??"]
[Round "?"]
[White "Piccioni, Marco"]
[Black "Gatta, Flavio"]
[Result "1-0"]
[WhiteElo "1537"]
[BlackElo "1528"]
[PlyCount "93"]
[EventDate "1997.02.07"]

1. e4 c5 2. c3 Nf6 3. e5 Nd5 4. d4 e6 5. Nf3 cxd4 6. cxd4 b6 7. a3 Bb7 8. Bg5
Be7 9. h4 f6 10. exf6 Bxf6 11. Be2 O-O 12. O-O Bxg5 13. Nxg5 h6 14. Nf3 Nf4 15.
Nbd2 Qf6 16. Rc1 Bc6 17. b4 Nxg2 18. Kxg2 Qxh4 19. Rh1 Qxd4 20. Rc4 Qf6 21. Rg4
b5 22. Qc2 Na6 23. Rg6 Qf5 24. Qxf5 Rxf5 25. Rh3 Rg5+ 26. Rxg5 hxg5 27. Rg3 Nc7
28. Kg1 Rf8 29. Rxg5 d6 30. Nd4 Bd7 31. Nxb5 Nxb5 32. Bxb5 Bc8 33. Ne4 Rd8 34.
Nf6+ Kf7 35. Nh5 g6 36. Ng3 d5 37. Bd3 Rg8 38. Ne2 Kf6 39. f4 e5 40. Rxe5 Bb7
41. Rg5 Rg7 42. Nd4 Bc8 43. Rxd5 Bf5 44. Nxf5 gxf5+ 45. Kf2 Ke6 46. Rxf5 Rc7
47. Rc5 1-0

[Event "V Torneo del Litorale A"]
[Site "Roma ITA"]
[Date "1997.02.??"]
[Round "?"]
[White "Piccioni, Marco"]
[Black "Luzi, Alessandro"]
[Result "1/2-1/2"]
[WhiteElo "1537"]
[BlackElo "1567"]
[PlyCount "112"]
[EventDate "1997.02.07"]

1. e4 e5 2. Nf3 Nc6 3. Bc4 Bc5 4. c3 h6 5. d4 exd4 6. cxd4 Bb4+ 7. Nc3 d6 8.
O-O Nf6 9. Qb3 O-O 10. d5 Bxc3 11. dxc6 b5 12. Qxb5 Be5 13. Nxe5 dxe5 14. Qxe5
Re8 15. Qc3 Rxe4 16. Be3 Be6 17. Bd3 Nd5 18. Qd2 Nxe3 19. fxe3 Bc4 20. Rad1
Bxd3 21. Qxd3 Qxd3 22. Rxd3 Rc4 23. Rd7 f6 24. Rxc7 a5 25. Rd1 Ra6 26. Rd6 Rc2
27. Rd8+ Kh7 28. Rdd7 Raxc6 29. Rxg7+ Kh8 30. Rxc6 Rxc6 31. Rb7 Rc2 32. a3 Re2
33. b4 Rxe3 34. bxa5 Rxa3 35. Ra7 Kg8 36. h4 Kf8 37. Kh2 Ke8 38. g3 h5 39. a6
Kf8 40. Rh7 Rxa6 41. Rxh5 Kg7 42. Rf5 Kg6 43. g4 Ra3 44. Kg2 Rb3 45. h5+ Kg7
46. Rf3 Rb6 47. Kg3 Rb4 48. Rf4 Rb5 49. Rd4 Re5 50. Rd7+ Kh6 51. Kf4 Re6 52.
Kf5 Rc6 53. Rf7 Rc5+ 54. Kxf6 Rc4 55. g5+ Kxh5 56. g6 Rc6+ 1/2-1/2

[Event "V Torneo del Litorale A"]
[Site "Roma ITA"]
[Date "1997.02.??"]
[Round "?"]
[White "Proietti, Giorgio"]
[Black "Pezzaldi, Roberto"]
[Result "1/2-1/2"]
[WhiteElo "1717"]
[BlackElo "2105"]
[PlyCount "128"]
[EventDate "1997.02.07"]

1. d4 e6 2. e4 d5 3. exd5 exd5 4. Nf3 Bd6 5. Bd3 Ne7 6. O-O Bg4 7. Re1 O-O 8.
Bg5 f6 9. Bh4 Nf5 10. Bxf5 Bxf5 11. Bg3 Bxg3 12. hxg3 Bg4 13. Nbd2 Nc6 14. c3
Qd7 15. Nf1 Rfe8 16. Rxe8+ Rxe8 17. Ne3 Be6 18. Qd2 Ne7 19. Re1 Nc8 20. Re2 Nd6
21. Qe1 Ne4 22. Nd2 a5 23. f3 Ng5 24. Nd1 Kf8 25. Nf2 Bf5 26. Rxe8+ Qxe8 27.
Qxe8+ Kxe8 28. Kf1 Ne6 29. Ke2 c5 30. Nb3 c4 31. Nd2 b5 32. a3 b4 33. Nf1 bxc3
34. bxc3 Nc7 35. Ne3 Be6 36. Kd2 Nb5 37. Nc2 Kd7 38. Nd1 Kd6 39. Nde3 h5 40. g4
hxg4 41. Nxg4 Bxg4 42. fxg4 Ke6 43. a4 Nd6 44. Ne3 Nc8 45. Nd1 Nb6 46. Nb2 f5
47. Ke3 fxg4 48. Kf4 g3 49. Kxg3 Kf5 50. Kf3 Kg5 51. Kg3 g6 52. Kf3 Kh4 53. Kf4
g5+ 54. Kf3 Nd7 55. Nd1 Nb6 56. Nb2 Kh5 57. g3 Kg6 58. g4 Kf6 59. Kg3 Ke6 60.
Kf3 Nd7 61. Nd1 Nf6 62. Kg3 Ne4+ 63. Kf3 Kd6 64. Ke3 Ke6 1/2-1/2

[Event "V Torneo del Litorale A"]
[Site "Roma ITA"]
[Date "1997.02.??"]
[Round "?"]
[White "Proietti, Giorgio"]
[Black "Quimi, Marco"]
[Result "1-0"]
[WhiteElo "1717"]
[BlackElo "2245"]
[PlyCount "129"]
[EventDate "1997.02.07"]

1. d4 c5 2. Nf3 Nf6 3. c4 g6 4. Nc3 Bg7 5. d5 a6 6. a4 O-O 7. e4 d6 8. Be2 e6
9. O-O exd5 10. cxd5 Re8 11. Nd2 b6 12. f3 Qc7 13. Nc4 Nfd7 14. Bf4 Ne5 15.
Nxe5 Bxe5 16. Bxe5 dxe5 17. Bc4 Qd6 18. Qd2 Nd7 19. Nd1 Nf6 20. Ne3 Bd7 21. Qe2
Bc8 22. Ra3 Nh5 23. g3 Kh8 24. Bd3 a5 25. Rb3 Rb8 26. Nc4 Qf6 27. Rd1 Bd7 28.
Ra3 Qg5 29. Nd6 Rf8 30. Kh1 Kg8 31. Nb5 f5 32. Bc4 fxe4 33. fxe4 Bg4 34. Qd2
Qxd2 35. Rxd2 Bf3+ 36. Kg1 Bxe4 37. Re3 Nf6 38. d6+ Kg7 39. Nc7 Bf5 40. Rxe5
Bh3 41. Ne6+ Bxe6 42. Rxe6 Rfe8 43. Rde2 Rxe6 44. Rxe6 Rd8 45. h3 Ne8 46. d7
Nf6 47. Re7+ Kh6 48. Bb5 Kg5 49. Re8 Rxd7 50. Bxd7 Nxd7 51. Re7 Nf6 52. Rb7 Nd5
53. Rxh7 Kf5 54. Kf2 Ke4 55. Ke2 c4 56. Rh4+ Ke5 57. Rxc4 g5 58. Kd3 Nf6 59. h4
g4 60. h5 Nxh5 61. Rxg4 Kf5 62. Rg8 Nf6 63. Rf8 Ke5 64. Rxf6 Kxf6 65. Kc4 1-0

[Event "V Torneo del Litorale A"]
[Site "Roma ITA"]
[Date "1997.02.??"]
[Round "?"]
[White "Proietti, Giorgio"]
[Black "Verrascina, Roberto"]
[Result "0-1"]
[WhiteElo "1717"]
[BlackElo "2225"]
[PlyCount "54"]
[EventDate "1997.02.07"]

1. d4 g6 2. e4 Bg7 3. c4 Nc6 4. Nf3 e5 5. Be3 d6 6. Be2 Bg4 7. d5 Bxf3 8. gxf3
Nd4 9. f4 Nxe2 10. Qxe2 exf4 11. Bxf4 Qf6 12. Bc1 Qh4 13. Nc3 Bxc3+ 14. bxc3
O-O-O 15. O-O Re8 16. f4 Nf6 17. e5 Ng4 18. Qg2 dxe5 19. Rb1 e4 20. Qb2 b6 21.
c5 e3 22. Qe2 Nf6 23. Qa6+ Kd8 24. Ba3 e2 25. Rfe1 Qg4+ 26. Kh1 Qf3+ 27. Kg1
Ng4 0-1

[Event "V Torneo del Litorale A"]
[Site "Roma ITA"]
[Date "1997.02.??"]
[Round "?"]
[White "Quimi, Marco"]
[Black "Lepri, Livio"]
[Result "0-1"]
[WhiteElo "2245"]
[BlackElo "1999"]
[PlyCount "120"]
[EventDate "1997.02.07"]

1. e4 c6 2. d4 d5 3. e5 Bf5 4. h4 h5 5. c4 e6 6. Nf3 Nd7 7. cxd5 cxd5 8. Nc3 a6
9. Bd3 Bxd3 10. Qxd3 Be7 11. g3 Nh6 12. Bxh6 Rxh6 13. O-O Kf8 14. Ne2 Nb8 15.
Rfc1 Nc6 16. a3 g6 17. Rc3 Kg7 18. Rac1 Rh8 19. Nf4 Rc8 20. Kf1 Qd7 21. b4 Na7
22. Ng5 Bxg5 23. hxg5 Rxc3 24. Rxc3 Rc8 25. Rc5 b6 26. Rxc8 Qxc8 27. Qf3 Qd8
28. Qe3 Qc7 29. Kg1 Nb5 30. a4 Nc3 31. b5 axb5 32. axb5 Nxb5 33. Ne2 Qc2 34.
Qf3 Qb1+ 35. Kh2 Qf5 36. Qe3 Qe4 37. Qxe4 dxe4 38. Kg1 Kf8 39. Kf1 Ke8 40. Ke1
Kd7 41. Kd2 Kc6 42. Ke3 Kd5 43. Nf4+ Kc4 44. d5 exd5 45. e6 Nd6 46. exf7 d4+
47. Ke2 Nxf7 48. Nxg6 Nxg5 49. Nf4 b5 50. Nxh5 Kc3 51. Nf6 Kc2 52. Nd5 Nf3 53.
g4 Ng5 54. Nb4+ Kb3 55. Nc6 Kc3 56. Kd1 b4 57. Na7 b3 58. Nb5+ Kd3 59. Na3 e3
60. f4 e2+ 0-1